Diccionario de los grandes psicólogos de las ciencias del espíritu a las ciencias de la conducta (Registro nro. 31616)

Detalles MARC
000 -ENCABEZADO
Número de control [NR] 01336nam a2200277Ia 4500
005 - FECHA Y HORA DE LA ÚLTIMA TRANSACCIÓN
control field 20240410112516.0
008 - DE LONGITUD FIJA DE DATOS DE ELEMENTOS - INFORMACIÓN GENERAL
Elementos de longitud fija [NR] 130821s1991 mx grdd spa
020 ## - NUMERO INTERNACIONAL NORMALIZADO PARA LIBROS [R]
Número Internacional Normalizado del libro [NR] 9681633466
040 ## - FUENTE DE CATALOGACION [NR]
Agencia de catalogación original [NR] Co-BoUCM
Idioma de catalogación [NR] spa
Quien Cataloga David Moreno (modificó)
Quien Clasifica David Moreno (modificó)
041 00 - CODIGO DE IDIOMA [R]
Código de idioma para texto/pista de sonido o título separado [R] Español
060 ## - SIGNATURA TOPOGRAFICA DE LA BIBLIOTECA NACIONAL DE MEDICINA (NLM) [R]
Número clasificador [R] WM 13
100 1# - ASIENTO PRINCIPAL--NOMBRE PERSONAL [NR]
Nombre personal [NR] Bonin, Werner Friedrich
ID Autoridad 158148
Fechas asociadas con el nombre [NR] 1941-
240 ## - TITULO UNIFORME [NR]
Título uniforme [NR] <a href="Grossen Psychologen">Grossen Psychologen</a>
245 10 - MENCION DE TITULO [NR]
Título [NR] Diccionario de los grandes psicólogos de las ciencias del espíritu a las ciencias de la conducta
Mención de responsabilidad, etc. [NR] Werner F. Bonin ; traducción de Beatriz Alvarez Klein ; revisión técnica de Héctor Pérez Rincón.
260 ## - PUBLICACION, DISTRIBUCION, ETC. (PIE DE IMPRENTA) [R]
Lugar de publicación, distribución, etc. [R] México D.F. (México)
Nombre del editor, distribuidor, etc. [R] Fondo de Cultura Económica
Fecha de publicación, distribución, etc. [R] 1991
300 ## - DESCRIPCION FISICA [R]
Extensión [R] 444 páginas
490 #0 - MENCION DE SERIE [R]
Mención de serie [R] Biblioteca de psicología, psicoanálisis y psiquiatría / dirigida por Ramón de la Fuente
504 ## - NOTA DE BIBLIOGRAFIA, ETC. [R]
Nota de bibliografía, etc. [NR] Incluye referencias bibliográficas
650 14 - ASIENTO SECUNDARIO DE MATERIA - TERMINO TEMATICO [R]
Término temático o nombre geográfico como elemento de entrada [NR] Psicólogos
9 (RLIN) 8001
Subdivisión de forma [R] Biografía
-- Diccionarios
650 14 - ASIENTO SECUNDARIO DE MATERIA - TERMINO TEMATICO [R]
Término temático o nombre geográfico como elemento de entrada [NR] Psiquiatras
Subdivisión de forma [R] Diccionarios
-- Biografía
9 (RLIN) 8001
650 14 - ASIENTO SECUNDARIO DE MATERIA - TERMINO TEMATICO [R]
Término temático o nombre geográfico como elemento de entrada [NR] Psicoanalistas
Subdivisión de forma [R] Diccionarios
-- Biografía
9 (RLIN) 8003
700 1# - ASIENTO SECUNDARIO - NOMBRE PERSONAL [R]
Nombre personal [NR] Alvarez Klein, Beatriz
Término de relación [R] traductor
9 (RLIN) 158149
700 1# - ASIENTO SECUNDARIO - NOMBRE PERSONAL [R]
Nombre personal [NR] Pérez Rincón, Héctor
9 (RLIN) 180481
765 ## - ASIENTO DE IDIOMA ORIGINAL [R]
Título [NR] Die groben psychologen. Von der seelenkunde zur verhaltenswissenschaft forscher, therapeuten und arzte
942 ## - ELEMENTOS DE ENTRADA AGREGADOS (KOHA)
Tema principal Psicología
Edición 1
Parte restante de la signatura top. B715d
Tipo de ítem principal el descrito en 300a Libro
Sistema de clasificación NLM
Clasificación WM 13
Título oculto en OPAC No
Existencias
Fecha de último préstamo Total préstamos Signatura topográfica Código de barras Última vez visto Ejemplar Price effective from Tipo de ítem Nota pública (OPAC) Perdido Sistema de clasificación Dañado No prestable Tipo de ítem específico Suprimido Ubicación habitual Ubicación actual Localización Fecha de creación Forma de adquisición Costo
07/05/2019 2 WM 13 B715d 200019826 12/12/2025 Ej.1 03/02/2013 Libro Spot Psicología & Psiquiatría   NLM     Libro   Quinta de Mutis Quinta de Mutis 3er piso 28/02/2003 Compra 0.00